Normal view MARC view

Entry Personal Name

Number of records used in: 1

001 - CONTROL NUMBER

  • control field: 83991

003 - CONTROL NUMBER IDENTIFIER

  • control field: dpl

005 - DATE AND TIME OF LATEST TRANSACTION

  • control field: 20250808124901.0

008 - FIXED-LENGTH DATA ELEMENTS

  • fixed length control field: 250808|| aca||aabn | a|a d

040 ## - CATALOGING SOURCE

  • Original cataloging agency: dpl
  • Transcribing agency: dpl

100 ## - HEADING--PERSONAL NAME

  • Personal name: सिंह, बख्शीश

670 ## - SOURCE DATA FOUND

  • Source citation: Work cat.: (dpl)212970: सिंह, बख्शीश, सिक्खों का इतिहास भाग-3 /, 2021

© Delhi Public Library
Hit Counter
free hit counter